00573nam a2200109Ia 4500008004100000245002800041300023100069650001600300856005600316999001900372952007200391170517s9999 xx 000 0 und d 4aThe Fight Against Ebola aEbola bullies itself into the forefront of global awareness more and more every day, and VICE News' The Fight Against Ebola traces the virus' current outbreak to its roots in Guinea in December of 2013. It quickly found its... xTechnology. uhttp://topdocumentaryfilms.com/fight-against-ebola/ c335108d335108 001040aCLbCLd2017-05-17l0r2017-05-17 00:00:00w2017-05-17yDF